| 000 | 00407nam a22001337a 4500 | ||
|---|---|---|---|
| 082 |
_a621.37 _bSMI _cL-9, P-24 |
||
| 100 |
_aSmith, S.Parker _941156 |
||
| 245 |
_aElectrical Engineering Laboratory Manual _bSmith, S.Parker |
||
| 260 |
_aLondon _bOxford Unviersity Press _c1936 |
||
| 300 |
_axii, 231 p. : _bill, ; _c20 cm. |
||
| 526 |
_a0 _b0 _c0 _d621_370000000000000_SMI |
||
| 650 |
_aMCE _9379 |
||
| 942 |
_2ddc _cBK |
||
| 999 |
_c545740 _d545740 |
||